| 000 | 00614nam a22001937a 4500 | ||
|---|---|---|---|
| 999 |
_c7642 _d7642 |
||
| 003 | GBCCL | ||
| 005 | 20241126110633.0 | ||
| 008 | 180906b ||||| |||| 00| 0 eng d | ||
| 040 | _cgbc | ||
| 082 |
_a227.507 _bHAR |
||
| 100 |
_aHarrison, Norman B _97132 |
||
| 245 |
_aHis very own : _bPaul's Epistle to the Ephesians |
||
| 260 |
_aMinneapolis : _bHarrison Service, _c[1930] |
||
| 300 |
_a176 pages : charts, music ; _c20 cm. |
||
| 440 |
_aA "His" series book _913476 |
||
| 650 |
_aBible. -- Ephesians -- Criticism, interpretation, etc. _913477 |
||
| 650 |
_aBible. -- Ephesians. _913478 |
||
| 942 |
_2ddc _cBK _03 |
||